000 00873nam a22002297a 4500
005 20100810153722.0
010 _aENG-99243
020 _c275.00
035 _aEN-82775
037 _bDBAD/PUB
082 _a658.4012
100 _aZaveri, jyotindra
_910526
245 _aEnterprise resource planning /
_cby Jyotindra Zaveri
260 _aNew Delhi
_bHimalaya Publishing House
_c2009
270 _a"Pooja Apartment", 4-B, Murari Lal Street, Ansari Road, Daryaganj
_bNew Delhi
_e110002
300 _a286p.
_c27cm (pbk)
650 _aManagement information resources
_910527
650 _aManufacturing resouce planning
_910528
650 _aProduction management
_910529
942 _2ddc
_cEN
_h658.4012
_mZAV
999 _c40753
_d40753